000 00784cab a2200217 4500
001 ABS48749
008 090401t xxu||||| |||| 00| 0 eng d
035 _a(Sirsi) u68407
041 _aeng
100 _aHill, S.
245 _aRegenerating a run-down estate
350 _a0
490 _aArchitects` Journal
_v197(18) 29-31(3)
520 _aDiscusses the objectives of the Estate Action programme in assessing whether to rehabilitate, demolish or rebuild run-down estates. Describes a project in the Balgrayhill area of Glasgow, which resulted in the renovation of 400m-long deck-access blocks.
650 _aCOMMUNITY REFURBISHMENT SCHEME
650 _aESTATE ACTION PROGRAMME
650 _aHOUSING ESTATES
690 _aURBAN RENEWAL
942 _n0
948 _c04/03/1997
999 _c42919
_d42919